• 首页
  • 本馆介绍
  • 公告通知
  • 最新文献
  • 馆藏检索
  • 电子资源
  • 读者导购
  • 参考咨询
  • 我的图书馆
  • 登录
  • 详细信息显示
  • 放入我的书架
  • 预约/预借图书
  • 作者相关作品
  • 分类相关作品
  • 丛书相关作品
  • 出版社相关作品

书目信息

  • 表格格式
  • 工作单格式
  • 卡片格式
题名:
录音手册
    
 
作者: 奥尔德雷德 著 ;夏剑秋 , 李勳 译
分册:  
出版信息: 北京   中国电影出版社  1980
页数: 281页
开本: 20cm
丛书名:
单 册:
中图分类: TN646-62
科图分类:
主题词: 录音--手册 , 电声器件
电子资源:
ISBN:
000 00751nam0 2200253 45
001 0180006864
005 20060601172437.75
010    @dCNY1.45
091    @aCN@b15061.154
100    @a19960215d1980 em y0chiy0121 ea
101 1  @achi@ceng
102    @aCN@b110000
105    @ay z 000yy
200 10 @a录音手册@Alu yin shou ce@f(英)约翰·奥尔德雷德著@F(ying)yue han·ao er de lei de zhu@g李勳,夏剑秋译@Gli xun,xia jian qiu yi
210    @a北京@c中国电影出版社@d1980
215    @a281页@d20cm
606    @a录音@x手册
606 0  @a电声器件
690    @aTN646-62@v3
701  0 @a奥尔德雷德@Aao er de lei de@4著
702  0 @a夏剑秋@Axia jian qiu@4译
702  0 @a李勳@Ali xun@4译
801  0 @aCN@bTSSF@c20060601
905    @a10447@dTN646-62@e3
    
    录音手册/(英)约翰·奥尔德雷德著/李勳,夏剑秋译.-北京:中国电影出版社,1980
    281页;20cm
    
    
    ISBN :CNY1.45
    
●
相关链接 在E读中查询图书 在五车中查询图书 在当当中查询图书 在豆瓣中查询图书


正题名:录音手册     索取号:TN646-62/3         预约/预借

序号 登录号 条形码 馆藏地/架位号 状态 备注
1 0034896   202290341   密集书库/ [索取号:TN646-62/3] 在馆    
2 0034897   202291037   密集书库/ [索取号:TN646-62/3] 在馆    
3 0420544   204205449   密集书库/ [索取号:TN646-62/3] 在馆    
唐山师范学院图书馆 欢迎您!
大连网信软件有限公司© 版权所有